000 00577nam a2200217 a 4500
999 _c5575
_d5575
001 5575
003 BD-JhCC
005 20171218164233.0
008 171218s1970 u |||| || | 001 0 eng d
035 _a(BD-JhCC)5575
040 _aBD-JhCC
_dBD-JhCC
041 _aeng
082 _a808.042
_bAME 1970
245 _aAmerican English Today /
_cBrian K. Mclaughlin
260 _aNew York :
_bMcGraw-Hill Book Company,
_c1970.
300 _a526 p. :
_c22 cm.
650 _aEnglish Language
_zUnited State
700 _aMclaughlin Brian K.
942 _2ddc
_cBK